Countries with a Smaller GDP than Avatar Quiz Stats

 Plays Quiz Updated Jul 2, 2018

Challenge
Share
Tweet
Embed
Score 0/37 Timer 05:00
4 Plays Today
GDP (in millions) Country % Correct
21Vatican City
68.2%
1,799Lesotho
54.6%
1,048San Marino
50.3%
15Tuvalu
49.2%
60Nauru
48.6%
562Saint Kitts and Nevis
48.6%
162Marshall Islands
48.2%
721Vanuatu
47.9%
550Samoa
47.2%
919Seychelles
46.9%
375Dominica
46.4%
164Palau
46.4%
301Tonga
46%
674Solomon Islands
45%
238Federated States of Micronesia
44.5%
152Kiribati
43.7%
1,139Djibouti
42.8%
1,000Saint Lucia
42.5%
583Saint Vincent and the Grenadines
42.4%
GDP (in millions) Country % Correct
1,433Maldives
40.6%
557Comoros
40.6%
2,372Somalia
40.5%
645Grenada
39.7%
187São Tomé and Príncipe
39.1%
2,254Eritrea
38.7%
1,573Cabo Verde
37.8%
1,397Bhutan
37%
1,099Antigua and Barbuda
36.7%
1,040The Gambia
36.2%
1,431Burundi
35.4%
825Guinea-Bissau
35.3%
616East Timor
34.9%
1,336Belize
34.8%
977Liberia
33%
2,197Guyana
32.9%
2,254Sierra Leone
32.8%
2,113Central African Republic
26.6%

You're not logged in!

Compare scores with friends on all Sporcle quizzes.
Join for Free
OR
Log In

You Might Also Like...

Show Comments

Extras

Top Quizzes Today


Score Distribution

Your Account Isn't Verified!

In order to create a playlist on Sporcle, you need to verify the email address you used during registration. Go to your Sporcle Settings to finish the process.

Report this User

Report this user for behavior that violates our Community Guidelines.

Details: